[Event "C.ti d'Italia"]
[Site "Arvier ITA"]
[Date "2009.09.29"]
[Round "4"]
[White "Reginato, Lino"]
[Black "Reginato, Sabrina"]
[Result "0-1"]
[WhiteElo "1817"]
[BlackElo "1880"]
[PlyCount "50"]
[EventDate "2009.09.26"]

1. e4 c5 2. Nf3 d6 3. d4 cxd4 4. Nxd4 Nf6 5. Nc3 a6 6. Bc4 e6 7. O-O Be7 8. f4
Nxe4 9. Nxe4 d5 10. Bxd5 exd5 11. Nc3 O-O 12. Nf3 Be6 13. Ng5 Nc6 14. Qh5 Bxg5
15. fxg5 Nd4 16. Rf2 Rc8 17. Bf4 Qb6 18. Raf1 Qxb2 19. g6 hxg6 20. Qe5 Qxc3 21.
Kh1 Nxc2 22. Qxc3 Rxc3 23. Rc1 Rfc8 24. Be5 d4 25. Rd2 f6 0-1

[Event "C.ti d'Italia"]
[Site "Arvier ITA"]
[Date "2009.09.29"]
[Round "4"]
[White "Rorato, Renzo"]
[Black "Rossi, Giampiero"]
[Result "1/2-1/2"]
[WhiteElo "2067"]
[BlackElo "1910"]
[PlyCount "53"]
[EventDate "2009.09.26"]

1. Nf3 d5 2. c4 e6 3. g3 c6 4. Qc2 Nf6 5. Bg2 Be7 6. d4 Nbd7 7. Nbd2 O-O 8. O-O
b6 9. e4 Bb7 10. e5 Ne8 11. b3 Rc8 12. Bb2 Qc7 13. Rac1 Qb8 14. cxd5 cxd5 15.
Qd3 Nc7 16. Rfd1 Rfd8 17. h4 Ne8 18. Bf1 Rxc1 19. Rxc1 Rc8 20. Ng5 Bxg5 21.
hxg5 Rxc1 22. Bxc1 Qc8 23. Ba3 Nb8 24. Qb5 Nc6 25. Qd3 Nb8 26. Qb5 Nc6 27. Qd3
1/2-1/2

[Event "C.ti d'Italia"]
[Site "Arvier ITA"]
[Date "2009.09.29"]
[Round "4"]
[White "Roversi, Stefano"]
[Black "Fragni, Enrico"]
[Result "1-0"]
[WhiteElo "1824"]
[BlackElo "1767"]
[PlyCount "77"]
[EventDate "2009.09.26"]

1. e4 c6 2. d4 d6 3. f4 Qc7 4. Nf3 Bg4 5. h3 Bxf3 6. Qxf3 Nd7 7. Bc4 e6 8. O-O
d5 9. exd5 cxd5 10. Bb3 Ne7 11. f5 Nxf5 12. Bf4 Bd6 13. g4 Bxf4 14. gxf5 Bg5
15. fxe6 fxe6 16. Qh5+ Kd8 17. Qxg5+ Kc8 18. Qxg7 Rd8 19. Na3 a6 20. c4 dxc4
21. Bxc4 Kb8 22. Bxe6 Ka7 23. Rac1 Qd6 24. Bb3 Nb6 25. Rc7 Rab8 26. Rff7 Qxd4+
27. Qxd4 Rxd4 28. Rxh7 Rd2 29. Nc4 Nxc4 30. Bxc4 Rxb2 31. Bb3 Re2 32. Rhg7 Rd2
33. h4 Kb6 34. h5 Rd6 35. Rce7 Rh6 36. Rg6+ Rxg6+ 37. hxg6 Kc5 38. g7 Kd6 39.
Re3 1-0

[Event "C.ti d'Italia"]
[Site "Arvier ITA"]
[Date "2009.09.30"]
[Round "5"]
[White "Badano, Giancarlo"]
[Black "Rorato, Renzo"]
[Result "1-0"]
[WhiteElo "1951"]
[BlackElo "2067"]
[PlyCount "43"]
[EventDate "2009.09.26"]

1. e4 c5 2. Nc3 e5 3. g3 Nc6 4. Bg2 Nf6 5. d3 Be7 6. f4 exf4 7. Bxf4 d6 8. Nf3
O-O 9. O-O Re8 10. Qd2 Bg4 11. Rae1 Qd7 12. Rf2 Rad8 13. Ref1 a6 14. a3 b5 15.
Nd5 Nxd5 16. exd5 Bxf3 17. Bxf3 Ne5 18. Bxe5 dxe5 19. Be4 Rf8 20. Rf5 Qd6 21.
Rh5 g6 22. Qh6 1-0

[Event "C.ti d'Italia"]
[Site "Arvier ITA"]
[Date "2009.09.30"]
[Round "5"]
[White "Barletta, Antonio"]
[Black "Rossi, Giampiero"]
[Result "1/2-1/2"]
[WhiteElo "2039"]
[BlackElo "1910"]
[PlyCount "148"]
[EventDate "2009.09.26"]

1. e4 c5 2. d4 cxd4 3. c3 dxc3 4. Nxc3 Nc6 5. Nf3 g6 6. Bc4 Bg7 7. O-O Nf6 8.
e5 Ng4 9. Bxf7+ Kxf7 10. Ng5+ Kg8 11. Qxg4 Nxe5 12. Qe2 h6 13. Nf3 Nxf3+ 14.
Qxf3 e6 15. Bf4 d5 16. Rfe1 Bd7 17. Be5 Qf8 18. Qg3 Qf7 19. Rad1 Bxe5 20. Rxe5
Kh7 21. Qe3 Rhe8 22. Ne2 b6 23. Nd4 Rac8 24. h3 Qf6 25. Re1 Rc4 26. b3 Rcc8 27.
Nxe6 Bxe6 28. Rxe6 Rxe6 29. Qxe6 Qxe6 30. Rxe6 Rc1+ 31. Kh2 Rc2 32. Re7+ Kg8
33. Rxa7 Rxf2 34. Rd7 Rxa2 35. Rxd5 Rb2 36. Rb5 Kg7 37. Rxb6 g5 38. Kg3 h5 39.
Kf3 Kf7 40. b4 Rb3+ 41. Kf2 Rb2+ 42. Kg3 Rb3+ 43. Kh2 h4 44. b5 Ke7 45. Rb7+
Kd6 46. b6 Kc6 47. Rg7 Rxb6 48. Rxg5 Kd7 49. Rg4 Rh6 50. Kg1 Ke6 51. Kf2 Kf5
52. Kf3 Rh8 53. Ra4 Kg5 54. Ra5+ Kh6 55. Ra4 Kg5 56. Ke4 Re8+ 57. Kf3 Rf8+ 58.
Ke3 Kh5 59. Rf4 Rh8 60. Rf5+ Kg6 61. Kf4 Rb8 62. Kg4 Rb4+ 63. Rf4 Rb2 64. Kxh4
Rxg2 65. Rg4+ Rxg4+ 66. hxg4 Kh6 67. g5+ Kg6 68. Kg4 Kg7 69. Kf5 Kf7 70. g6+
Kg7 71. Kg5 Kg8 72. Kf4 Kg7 73. Kf5 Kg8 74. Ke6 Kg7 1/2-1/2

[Event "C.ti d'Italia"]
[Site "Arvier ITA"]
[Date "2009.09.30"]
[Round "5"]
[White "Bitti, Sandro"]
[Black "Castaldo, Antonio"]
[Result "1-0"]
[WhiteElo "1718"]
[BlackElo "1730"]
[PlyCount "129"]
[EventDate "2009.09.26"]

1. d4 Nf6 2. c4 g6 3. f3 Bg7 4. e4 d6 5. Nc3 O-O 6. Bg5 Nc6 7. Qd2 Re8 8. Nge2
a6 9. a4 Na5 10. Nc1 Nc6 11. N1e2 a5 12. Bh6 Nb4 13. Bxg7 Kxg7 14. Ng3 e5 15.
d5 Na6 16. Bd3 Nc5 17. Ra3 Rf8 18. O-O h5 19. Bc2 h4 20. Nge2 h3 21. g3 Rh8 22.
f4 exf4 23. Qxf4 Qe7 24. Nd4 Bd7 25. Nf3 Nh5 26. Qe3 b6 27. Nb5 Bxb5 28. axb5
Nd7 29. Ng5 Ne5 30. Rc3 Nf6 31. Bd1 Raf8 32. Qf4 Ned7 33. g4 Nc5 34. Re1 Qe5
35. Qxe5 dxe5 36. Rxh3 Rxh3 37. Nxh3 Nfxe4 38. Re2 f6 39. Bc2 Nd6 40. b3 e4 41.
Nf2 f5 42. h3 Re8 43. h4 f4 44. h5 e3 45. Nh3 f3 46. Re1 f2+ 47. Nxf2 exf2+ 48.
Kxf2 Rxe1 49. Kxe1 gxh5 50. gxh5 Kh6 51. Bd1 Nde4 52. Bc2 Ng3 53. Kf2 Nxh5 54.
Kf3 Kg5 55. Bd1 Nf4 56. Bc2 Nfd3 57. Ke3 Nc1 58. Kd4 N1xb3+ 59. Ke5 Kh6 60. d6
a4 61. dxc7 Kg5 62. c8=Q a3 63. Qf5+ Kh4 64. Bxb3 Nxb3 65. Kf4 1-0

[Event "C.ti d'Italia"]
[Site "Arvier ITA"]
[Date "2009.09.30"]
[Round "5"]
[White "Fragni, Enrico"]
[Black "Cattaneo, Roger"]
[Result "0-1"]
[WhiteElo "1767"]
[BlackElo "1506"]
[PlyCount "84"]
[EventDate "2009.09.26"]

1. c4 e5 2. Nc3 c6 3. Nf3 Qc7 4. g3 Bc5 5. Bg2 d6 6. O-O Nf6 7. d4 exd4 8. Nxd4
O-O 9. Ne4 Nxe4 10. Bxe4 Bh3 11. Re1 Nd7 12. Nf3 Nf6 13. Bc2 Ng4 14. e3 h6 15.
Bd2 g5 16. b4 Bb6 17. Bb3 c5 18. a3 a6 19. Rc1 Kg7 20. Bc3+ f6 21. Qd3 Ne5 22.
Nxe5 fxe5 23. Bc2 Bf5 24. e4 Bh3 25. Bd1 cxb4 26. c5 Bxc5 27. axb4 Bxf2+ 28.
Kh1 Qb6 29. g4 Bxe1 30. Qxh3 Bxc3 31. Rxc3 Rac8 32. Rf3 Qxb4 33. Rxf8 Rxf8 34.
Bf3 Qc3 35. Kg2 Qxf3+ 36. Qxf3 Rxf3 37. Kxf3 b5 38. Ke3 a5 39. Kd3 Kf7 40. Kc3
Ke6 41. h3 d5 42. Kd3 dxe4+ 0-1

[Event "C.ti d'Italia"]
[Site "Arvier ITA"]
[Date "2009.09.30"]
[Round "5"]
[White "Giacomelli, Gianni"]
[Black "Amalfitano, Giovanni"]
[Result "1-0"]
[WhiteElo "2093"]
[BlackElo "1620"]
[PlyCount "73"]
[EventDate "2009.09.26"]

1. d4 g6 2. c4 Bg7 3. Nc3 d6 4. e4 Nd7 5. Nf3 e5 6. Be2 Ngf6 7. O-O O-O 8. d5
Nc5 9. Qc2 a5 10. Bg5 h6 11. Bh4 a4 12. b4 axb3 13. axb3 Rxa1 14. Rxa1 Na6 15.
Ne1 c5 16. dxc6 Nb4 17. Qd1 Nxc6 18. Nc2 Qb6 19. Bxf6 Bxf6 20. Nd5 Qd8 21. Ra8
Bg7 22. b4 Kh8 23. b5 Nd4 24. Nxd4 exd4 25. f4 g5 26. Qd2 gxf4 27. Bg4 Qh4 28.
Bxc8 Be5 29. Bxb7 Rxa8 30. Bxa8 Kg7 31. Bc6 f3 32. gxf3 Bxh2+ 33. Qxh2 Qe1+ 34.
Kg2 Qe2+ 35. Kg3 Qxc4 36. Qd2 f6 37. Qf4 1-0

[Event "C.ti d'Italia"]
[Site "Arvier ITA"]
[Date "2009.09.30"]
[Round "5"]
[White "Reginato, Sabrina"]
[Black "Baloire, Endy"]
[Result "0-1"]
[WhiteElo "1880"]
[BlackElo "1895"]
[PlyCount "54"]
[EventDate "2009.09.26"]

1. e4 c6 2. d4 d5 3. exd5 cxd5 4. Bd3 Nf6 5. Bg5 Bg4 6. Nf3 e6 7. c3 Bd6 8.
Nbd2 Nbd7 9. O-O Qc7 10. Qc2 O-O 11. Rae1 Rab8 12. Bxf6 Nxf6 13. Ne5 Bh5 14. f4
Bg6 15. f5 exf5 16. Bxf5 Rfe8 17. Ndf3 b5 18. Bxg6 hxg6 19. Nxf7 Rxe1 20. Rxe1
Qxf7 21. Ng5 Qd7 22. Qxg6 Bf4 23. Nf3 Re8 24. Ne5 Bxe5 25. dxe5 Ne4 26. Re3 Qf7
27. Qxf7+ Kxf7 0-1

[Event "C.ti d'Italia"]
[Site "Arvier ITA"]
[Date "2009.09.30"]
[Round "5"]
[White "Renzini, Lorenzo"]
[Black "Bogatto, Mario"]
[Result "1-0"]
[WhiteElo "1767"]
[BlackElo "1455"]
[PlyCount "93"]
[EventDate "2009.09.26"]

1. c4 e5 2. Nc3 Nf6 3. g3 c6 4. Bg2 d6 5. d3 Be7 6. Nf3 h6 7. Rb1 Nbd7 8. b4 a6
9. a4 Rb8 10. b5 cxb5 11. axb5 b6 12. bxa6 Bxa6 13. Nb5 Bxb5 14. Rxb5 O-O 15.
O-O Qc7 16. Bb2 Rfe8 17. Nd2 Nc5 18. Qc2 Bf8 19. Ra1 Qd8 20. e3 Ne6 21. Nb3 Qc7
22. d4 exd4 23. Nxd4 Nxd4 24. Bxd4 Be7 25. Rab1 Nd7 26. Qa4 Nc5 27. Qc2 Bd8 28.
Qf5 Qe7 29. Qf4 Bc7 30. Bd5 Ne6 31. Qg4 Nxd4 32. Qxd4 Qe5 33. Qd1 Re7 34. Qa4
Bd8 35. Bxf7+ Kxf7 36. Rxe5 dxe5 37. c5 Kf6 38. Qc6+ Re6 39. Qf3+ Ke7 40. Qd5
Bc7 41. c6 Kf6 42. Rd1 Bd6 43. Qf3+ Ke7 44. Qg4 g5 45. Qf5 Rf6 46. Qh7+ Ke6 47.
Qd7# 1-0

[Event "C.ti d'Italia"]
[Site "Arvier ITA"]
[Date "2009.09.30"]
[Round "5"]
[White "Roversi, Stefano"]
[Black "Reginato, Lino"]
[Result "1-0"]
[WhiteElo "1824"]
[BlackElo "1817"]
[PlyCount "79"]
[EventDate "2009.09.26"]

1. e4 d6 2. d4 e6 3. Nf3 Nd7 4. Nc3 a6 5. Bd3 c5 6. Be3 Be7 7. O-O Ngf6 8. h3
O-O 9. e5 Nd5 10. Nxd5 exd5 11. c3 dxe5 12. dxe5 h6 13. Qd2 c4 14. Bc2 Nc5 15.
Rad1 Be6 16. Nd4 Ne4 17. Qe2 Qc7 18. Bxe4 dxe4 19. Nxe6 fxe6 20. Qg4 Kh7 21.
Qxe4+ Rf5 22. g4 Qxe5 23. Qc2 Raf8 24. gxf5 Rxf5 25. Rd4 Kg8 26. Qe4 Qf6 27.
Qg2 b5 28. Rg4 Kf7 29. Bd4 e5 30. Qd5+ Ke8 31. Qg8+ Kd7 32. Be3 Bf8 33. Rd1+
Ke8 34. Bc5 h5 35. Rg2 Qc6 36. Bxf8 Rxf8 37. Rd8+ Kxd8 38. Qxf8+ Kc7 39. Rxg7+
Kb6 40. Qd8+ 1-0

[Event "C.ti d'Italia"]
[Site "Arvier ITA"]
[Date "2009.09.30"]
[Round "5"]
[White "Trifoni, Giorgio"]
[Black "Serrajotto, Marino"]
[Result "0-1"]
[WhiteElo "1639"]
[BlackElo "1733"]
[PlyCount "38"]
[EventDate "2009.09.26"]

1. Nf3 d5 2. d4 Nf6 3. e3 Bf5 4. c4 e6 5. a3 b6 6. cxd5 exd5 7. b4 Bd6 8. Bd3
Ne4 9. Qc2 Bg6 10. Bb5+ Nd7 11. Qc6 Nef6 12. Ne5 Bf5 13. Nc3 O-O 14. Nxd5 Nxe5
15. Nxf6+ Qxf6 16. dxe5 Qxe5 17. Ra2 Be4 18. f4 Qe6 19. Bc4 Bxb4+ 0-1

[Event "C.ti d'Italia"]
[Site "Arvier ITA"]
[Date "2009.10.01"]
[Round "6"]
[White "Amalfitano, Giovanni"]
[Black "Reginato, Lino"]
[Result "1-0"]
[WhiteElo "1620"]
[BlackElo "1817"]
[PlyCount "57"]
[EventDate "2009.09.26"]

1. e4 d6 2. Nf3 Nf6 3. d3 g6 4. g3 Bg7 5. Bg2 O-O 6. Nbd2 d5 7. O-O dxe4 8.
dxe4 Nc6 9. Re1 Be6 10. Ng5 Bg4 11. f3 Bd7 12. c3 Qc8 13. e5 Bh6 14. exf6 Bxg5
15. fxe7 Bxe7 16. Ne4 Bh3 17. Bf4 Bxg2 18. Kxg2 Nd8 19. Bh6 Re8 20. Nf6+ Kh8
21. Nxe8 Ne6 22. Rxe6 Qxe6 23. Nxc7 Qb6 24. Nxa8 Qxb2+ 25. Kh1 Qb5 26. Qd4+ f6
27. Re1 Kg8 28. Qe4 Qh5 29. Qe6+ 1-0

[Event "C.ti d'Italia"]
[Site "Arvier ITA"]
[Date "2009.10.01"]
[Round "6"]
[White "Baloire, Endy"]
[Black "Barletta, Antonio"]
[Result "1/2-1/2"]
[WhiteElo "1895"]
[BlackElo "2039"]
[PlyCount "40"]
[EventDate "2009.09.26"]

1. d4 Nf6 2. Bf4 d6 3. Nf3 g6 4. e3 Bg7 5. h3 O-O 6. Be2 c5 7. c3 Nbd7 8. O-O
b6 9. a4 a6 10. Na3 Bb7 11. Qb3 Ra7 12. Rfd1 Qa8 13. c4 cxd4 14. exd4 Ne4 15.
Be3 Ndf6 16. Rac1 Qb8 17. d5 Ra8 18. Nd4 Qc7 19. Bf3 Rac8 20. Qc2 Nc5 1/2-1/2

[Event "C.ti d'Italia"]
[Site "Arvier ITA"]
[Date "2009.10.01"]
[Round "6"]
[White "Bogatto, Mario"]
[Black "Lisandri, Luigi"]
[Result "1/2-1/2"]
[WhiteElo "1455"]
[BlackElo "1480"]
[PlyCount "66"]
[EventDate "2009.09.26"]

1. e4 e5 2. Nf3 Nf6 3. d3 Nc6 4. h3 Be7 5. Be2 b6 6. Nc3 Ba6 7. O-O d6 8. Re1
Rb8 9. a3 O-O 10. Be3 Re8 11. d4 Bxe2 12. Rxe2 Qc8 13. d5 Na5 14. b3 a6 15. Nd2
b5 16. b4 Nc4 17. Nxc4 bxc4 18. f3 Nd7 19. Qe1 Nb6 20. Qg3 g6 21. Rf1 Kh8 22.
f4 Rg8 23. fxe5 f5 24. e6 Qd8 25. Bd4+ Bf6 26. e5 dxe5 27. Bxe5 Bxe5 28. Qxe5+
Rg7 29. Rfe1 Qe7 30. Rd1 Rd8 31. Red2 Rd6 32. b5 a5 33. a4 Kg8 1/2-1/2

[Event "C.ti d'Italia"]
[Site "Arvier ITA"]
[Date "2009.10.01"]
[Round "6"]
[White "Cattaneo, Roger"]
[Black "Renzini, Lorenzo"]
[Result "1/2-1/2"]
[WhiteElo "1506"]
[BlackElo "1767"]
[PlyCount "91"]
[EventDate "2009.09.26"]

1. d4 Nf6 2. Bf4 g6 3. c4 d6 4. Nc3 Bg7 5. Nf3 O-O 6. e3 Nbd7 7. Be2 Re8 8. O-O
Nf8 9. a3 c6 10. c5 Ne6 11. cxd6 Nxf4 12. exf4 Qxd6 13. Qd2 Nd5 14. Nxd5 Qxd5
15. Rfd1 Bg4 16. h3 Bxf3 17. Bxf3 Qb5 18. Rab1 Rad8 19. Qc3 e6 20. b3 Qb6 21.
Qc5 Rd7 22. Qxb6 axb6 23. Rd3 Red8 24. Rbd1 Bxd4 25. Kf1 Kf8 26. h4 h6 27. h5
Ke7 28. hxg6 fxg6 29. Be4 g5 30. fxg5 hxg5 31. Rh3 Kf6 32. Rh6+ Ke5 33. Re1 Bc3
34. Bxc6+ Bxe1 35. Bxd7 Rxd7 36. Kxe1 Rd3 37. Rh3 Rxh3 38. gxh3 Kd5 39. a4 e5
40. f3 Kc5 41. Kd2 Kd4 42. b4 Kc4 43. b5 Kd4 44. Ke2 e4 45. fxe4 Kxe4 46. Kf2
1/2-1/2

[Event "C.ti d'Italia"]
[Site "Arvier ITA"]
[Date "2009.10.01"]
[Round "6"]
[White "Fragni, Enrico"]
[Black "Trifoni, Giorgio"]
[Result "1-0"]
[WhiteElo "1767"]
[BlackElo "1639"]
[PlyCount "79"]
[EventDate "2009.09.26"]

1. c3 b6 2. d3 Bb7 3. e4 e6 4. Nf3 Ne7 5. Bg5 h6 6. Bh4 d6 7. Be2 Nd7 8. Nbd2
g6 9. Qc2 Bg7 10. O-O g5 11. Bg3 Ng6 12. h3 h5 13. Nd4 Be5 14. Nc4 Bxg3 15.
fxg3 O-O 16. Bxh5 Kg7 17. Bg4 Nf6 18. Bxe6 Kh8 19. Bf5 Ne5 20. Nxe5 dxe5 21.
Nf3 Nh5 22. Kh2 f6 23. Qe2 Ng7 24. Ne1 c5 25. Rd1 Ba6 26. b3 Qe7 27. Nc2 Rad8
28. Ne3 Bb7 29. c4 Qf7 30. Bg4 Bc8 31. Bxc8 Rxc8 32. Nd5 Rc6 33. Rf2 Ne8 34.
Rdf1 Qh7 35. Qg4 Qf7 36. Rf5 Qh7 37. Rxg5 Rg8 38. Rxg8+ Qxg8 39. Qxg8+ Kxg8 40.
Ne7+ 1-0

[Event "C.ti d'Italia"]
[Site "Arvier ITA"]
[Date "2009.10.01"]
[Round "6"]
[White "Reginato, Sabrina"]
[Black "Roversi, Stefano"]
[Result "1-0"]
[WhiteElo "1880"]
[BlackElo "1824"]
[PlyCount "51"]
[EventDate "2009.09.26"]

1. d4 Nf6 2. Nf3 d6 3. Nbd2 Nc6 4. e4 g6 5. c3 Bg7 6. Bd3 Nh5 7. Nc4 O-O 8. O-O
Bg4 9. h3 Bxf3 10. Qxf3 b5 11. Ne3 Rb8 12. e5 Qd7 13. g4 Nf4 14. Qxf4 dxe5 15.
Qe4 exd4 16. cxd4 Nxd4 17. Nc2 c5 18. Nxd4 Bxd4 19. Rb1 f5 20. gxf5 Rxf5 21.
Bf4 Rbf8 22. Bg3 Rf3 23. Kg2 R3f6 24. Be2 Rf5 25. Bg4 Rxf2+ 26. Bxf2 1-0

[Event "C.ti d'Italia"]
[Site "Arvier ITA"]
[Date "2009.10.01"]
[Round "6"]
[White "Rorato, Renzo"]
[Black "Giacomelli, Gianni"]
[Result "0-1"]
[WhiteElo "2067"]
[BlackElo "2093"]
[PlyCount "48"]
[EventDate "2009.09.26"]

1. Nf3 d5 2. c4 d4 3. g3 c5 4. d3 Nc6 5. Bg2 Nf6 6. O-O e5 7. e3 Be7 8. Re1 O-O
9. Na3 Bg4 10. h3 Bf5 11. g4 Bc8 12. Nc2 Bd6 13. exd4 exd4 14. b4 Nxb4 15. Nxb4
cxb4 16. Nxd4 Be5 17. Nb3 Bxa1 18. Nxa1 Re8 19. Rxe8+ Qxe8 20. Bb2 Qe7 21. d4
Bd7 22. Bxb7 Re8 23. Nb3 Qe2 24. Qxe2 Rxe2 0-1

[Event "C.ti d'Italia"]
[Site "Arvier ITA"]
[Date "2009.10.01"]
[Round "6"]
[White "Rossi, Giampiero"]
[Black "Badano, Giancarlo"]
[Result "1/2-1/2"]
[WhiteElo "1910"]
[BlackElo "1951"]
[PlyCount "61"]
[EventDate "2009.09.26"]

1. d4 e6 2. c4 d5 3. Nc3 Nf6 4. cxd5 exd5 5. Bg5 c6 6. e3 Bf5 7. Qf3 Bg6 8.
Bxf6 Qxf6 9. Qxf6 gxf6 10. Nge2 h5 11. Nf4 Bd6 12. Nxg6 fxg6 13. Bd3 Kf7 14.
O-O Nd7 15. Rab1 a5 16. Rfe1 f5 17. Re2 Nf6 18. f3 Rae8 19. Rf1 Kg7 20. Rfe1
Re7 21. a3 Rhe8 22. e4 dxe4 23. fxe4 fxe4 24. Nxe4 Nxe4 25. Rxe4 Rxe4 26. Rxe4
Rxe4 27. Bxe4 Bf4 28. d5 cxd5 29. Bxd5 b6 30. a4 h4 31. h3 1/2-1/2

[Event "C.ti d'Italia"]
[Site "Arvier ITA"]
[Date "2009.10.01"]
[Round "6"]
[White "Serrajotto, Marino"]
[Black "Bitti, Sandro"]
[Result "0-1"]
[WhiteElo "1733"]
[BlackElo "1718"]
[PlyCount "96"]
[EventDate "2009.09.26"]

1. e4 d5 2. exd5 Qxd5 3. Nc3 Qa5 4. d4 Nf6 5. Nf3 Ne4 6. Bd2 Nxd2 7. Qxd2 e6 8.
a3 Bb4 9. Bc4 Bxc3 10. bxc3 Nd7 11. O-O O-O 12. Rfb1 a6 13. Bd3 c5 14. Be4 Rb8
15. Qe3 Nf6 16. Qf4 Bd7 17. Bxb7 Qxc3 18. Bxa6 Rxb1+ 19. Rxb1 Qxc2 20. Rc1 Qa4
21. Bf1 cxd4 22. Qxd4 Qxa3 23. Rd1 Bc6 24. Ne5 Bd5 25. Ra1 Qe7 26. Ra7 Qd8 27.
Qa4 Qd6 28. f4 Qb6+ 29. Kh1 Ne4 30. Nd3 Nf2+ 31. Nxf2 Qxf2 32. Qa6 Qxf4 33. Rd7
g6 34. Qa1 h5 35. Ra7 Rc8 36. Ra4 Rc1 37. Rxf4 Rxa1 38. Kg1 Kg7 39. Kf2 g5 40.
Rd4 f5 41. Be2 g4 42. h3 Kf6 43. hxg4 hxg4 44. Bb5 Ra2+ 45. Be2 Bxg2 46. Kxg2
Rxe2+ 47. Kg3 e5 48. Rd6+ Kg5 0-1

[Event "C.ti d'Italia"]
[Site "Arvier ITA"]
[Date "2009.10.02"]
[Round "7"]
[White "Barletta, Antonio"]
[Black "Reginato, Sabrina"]
[Result "1-0"]
[WhiteElo "2039"]
[BlackElo "1880"]
[PlyCount "81"]
[EventDate "2009.09.26"]

1. e4 c5 2. Nf3 a6 3. d4 cxd4 4. Nxd4 Nf6 5. Nc3 e5 6. Nb3 Bb4 7. a3 Bxc3+ 8.
bxc3 d6 9. Qd3 h6 10. a4 Be6 11. Ba3 Nc6 12. Be2 Qb6 13. O-O Rd8 14. Rab1 Qa7
15. Rfd1 O-O 16. c4 Ne8 17. Qe3 Qxe3 18. fxe3 f5 19. exf5 Bxf5 20. Rd2 Rf6 21.
Bd3 Be6 22. Rdd1 Rc8 23. Be2 Bf7 24. c5 d5 25. Bf3 Rd8 26. Rd2 Be6 27. Rbd1 Nc7
28. Bb2 Rf7 29. Bc3 Rfd7 30. Na5 e4 31. Nxc6 exf3 32. Nxd8 f2+ 33. Rxf2 Rxd8
34. Be5 Ne8 35. Rdf1 Kh7 36. Rf8 Rc8 37. Rb1 Nf6 38. Rxc8 Bxc8 39. Bxf6 gxf6
40. Rb6 Kg7 41. c6 1-0

[Event "C.ti d'Italia"]
[Site "Arvier ITA"]
[Date "2009.10.02"]
[Round "7"]
[White "Bitti, Sandro"]
[Black "Amalfitano, Giovanni"]
[Result "1/2-1/2"]
[WhiteElo "1718"]
[BlackElo "1620"]
[PlyCount "144"]
[EventDate "2009.09.26"]

1. d4 g6 2. Nf3 Bg7 3. e4 d6 4. Bd3 Nd7 5. O-O Ngf6 6. Nbd2 O-O 7. c3 Re8 8.
Re1 e5 9. Qc2 h6 10. b3 Nh5 11. Bb2 Nf4 12. Nc4 g5 13. Ne3 Nf8 14. dxe5 dxe5
15. Rad1 Qe7 16. Nd5 Nxd5 17. exd5 Bg4 18. Re3 Bh5 19. Rde1 Bg6 20. c4 Bxd3 21.
Qxd3 f6 22. Nd4 Qf7 23. Nf5 Ng6 24. g3 Rad8 25. Qe4 Rd7 26. Ba3 a6 27. d6 c6
28. c5 Kh8 29. Rd3 Kh7 30. Kg2 Rh8 31. Bc1 Kg8 32. Rh1 h5 33. h4 gxh4 34. Nxh4
Nxh4+ 35. Rxh4 f5 36. Qe3 e4 37. Rd1 Bf6 38. Rh3 Qg6 39. Qe2 Be5 40. Rh4 Bf6
41. Qc4+ Qf7 42. Qxf7+ Kxf7 43. Rh3 Ke6 44. f3 exf3+ 45. Kxf3 Kf7 46. b4 Kg6
47. a3 Kf7 48. Re1 h4 49. Kf4 Rh5 50. Kf3 Kg6 51. gxh4 Rxh4 52. Rg1+ Kf7 53.
Rxh4 Bxh4 54. Kf4 Ke8 55. Kxf5 Rf7+ 56. Ke4 Kd7 57. Rg2 Bd8 58. Bf4 Rh7 59. Be5
Rh4+ 60. Kf3 Rh7 61. Rg7+ Rxg7 62. Bxg7 Bg5 63. Bd4 Bc1 64. a4 Bh6 65. Ke4 Bc1
66. Kd3 Bh6 67. Kc4 Bf4 68. Bf6 Bg3 69. Bc3 Bf4 70. b5 axb5+ 71. axb5 cxb5+ 72.
Kxb5 Bxd6 1/2-1/2

[Event "C.ti d'Italia"]
[Site "Arvier ITA"]
[Date "2009.10.02"]
[Round "7"]
[White "Cattaneo, Roger"]
[Black "Serrajotto, Marino"]
[Result "1/2-1/2"]
[WhiteElo "1506"]
[BlackElo "1733"]
[PlyCount "112"]
[EventDate "2009.09.26"]

1. d4 Nf6 2. Nf3 d5 3. Bf4 Nc6 4. e3 Nh5 5. Bg3 Nxg3 6. hxg3 a6 7. Bd3 Nb4 8.
a3 Nxd3+ 9. Qxd3 g6 10. Nc3 Bf5 11. Qe2 Bg4 12. O-O-O Bg7 13. Rh4 h5 14. Rf1
Qd7 15. Qd2 Bxf3 16. gxf3 O-O-O 17. Rd1 Kb8 18. Kb1 e6 19. Ne2 Qb5 20. Nc3 Qd7
21. Ne2 Rc8 22. f4 f5 23. Rdh1 c5 24. c3 c4 25. Qc2 Bf6 26. R4h3 Be7 27. Kc1
Qb5 28. Kd2 a5 29. a4 Qd7 30. Ng1 Rc6 31. Nf3 Bf6 32. Ne5 Bxe5 33. dxe5 Rb6 34.
Ke2 Rb3 35. Ra1 Rc8 36. Rhh1 Rc6 37. Ra2 Rcb6 38. Rg1 Qc6 39. f3 Qe8 40. Rh1
Rc6 41. e4 Qf7 42. exd5 exd5 43. Rd1 Rc5 44. Rd2 Qe6 45. Qd1 Kc7 46. Qh1 b5 47.
axb5 Rcxb5 48. Qh4 Kd7 49. Qf6 Qxf6 50. exf6 Ke6 51. Ke3 Kxf6 52. Kd4 Ke6 53.
Re2+ Kd6 54. Re5 Rc5 55. Re8 Rcb5 56. Rd8+ Ke6 1/2-1/2

[Event "C.ti d'Italia"]
[Site "Arvier ITA"]
[Date "2009.10.02"]
[Round "7"]
[White "Giacomelli, Gianni"]
[Black "Rossi, Giampiero"]
[Result "0-1"]
[WhiteElo "2093"]
[BlackElo "1910"]
[PlyCount "114"]
[EventDate "2009.09.26"]

1. d4 d5 2. c4 e6 3. Nc3 c6 4. Nf3 Nf6 5. e3 Nbd7 6. Bd3 Be7 7. O-O O-O 8. e4
dxe4 9. Nxe4 b6 10. Qe2 Bb7 11. Rd1 Qc7 12. b3 Rfe8 13. Bb2 c5 14. dxc5 Bxe4
15. Bxe4 Nxe4 16. cxb6 Qb7 17. Rxd7 Qxd7 18. Qxe4 axb6 19. Qg4 g6 20. Ne5 Qd2
21. Bd4 f5 22. Rd1 fxg4 23. Rxd2 Bf6 24. Nd7 Bxd4 25. Rxd4 Red8 26. b4 Kg7 27.
c5 Rxa2 28. g3 bxc5 29. bxc5 Rc2 30. Kg2 e5 31. Rd5 e4 32. Kf1 h5 33. Rd6 e3
34. fxe3 Ra8 35. Rd1 Raa2 36. e4 Rf2+ 37. Kg1 Rg2+ 38. Kf1 Rxh2 39. Kg1 Rhg2+
40. Kf1 Rxg3 41. e5 Re3 42. Kg1 Rc2 43. Rf1 Ree2 44. Rd1 h4 45. Nf6 Rxe5 46.
Nxg4 Rg5 47. Rd4 Rcxc5 48. Kh2 Rc2+ 49. Kh3 Rc3+ 50. Kh2 Rg3 51. Rd7+ Kf8 52.
Nf6 Rf5 53. Ne4 Ra3 54. Nd6 Rf2+ 55. Kg1 Rd2 56. Rd8+ Ke7 57. Re8+ Kd7 0-1

[Event "C.ti d'Italia"]
[Site "Arvier ITA"]
[Date "2009.10.02"]
[Round "7"]
[White "Lisandri, Luigi"]
[Black "Fragni, Enrico"]
[Result "0-1"]
[WhiteElo "1480"]
[BlackElo "1767"]
[PlyCount "58"]
[EventDate "2009.09.26"]

1. c4 c6 2. b3 d6 3. Bb2 e5 4. Nc3 Nf6 5. d3 Bg4 6. h3 Bh5 7. Nf3 Be7 8. e4
Nbd7 9. Be2 h6 10. Nh2 Bxe2 11. Nxe2 a5 12. a4 Nc5 13. Ng3 g6 14. Ba3 Qb6 15.
Rb1 Ne6 16. Bc1 c5 17. Bd2 Nf4 18. Bxf4 exf4 19. Ngf1 h5 20. Nd2 Nd7 21. Nhf3
O-O-O 22. O-O g5 23. Re1 g4 24. hxg4 hxg4 25. Nh2 g3 26. fxg3 fxg3 27. Nhf1 Bf6
28. Nf3 Ne5 29. Nxe5 Bxe5 0-1

[Event "C.ti d'Italia"]
[Site "Arvier ITA"]
[Date "2009.10.02"]
[Round "7"]
[White "Roversi, Stefano"]
[Black "Renzini, Lorenzo"]
[Result "1-0"]
[WhiteElo "1824"]
[BlackElo "1767"]
[PlyCount "119"]
[EventDate "2009.09.26"]

1. e4 c5 2. Nf3 d6 3. d4 cxd4 4. Nxd4 Nf6 5. Nc3 a6 6. Be2 e6 7. O-O Be7 8. Be3
O-O 9. f4 Qc7 10. Qe1 Nc6 11. Qg3 Nxd4 12. Bxd4 b5 13. e5 Ne8 14. exd6 Bxd6 15.
Ne4 Be7 16. Bd3 Bb7 17. Qh3 Rd8 18. Be5 Qb6+ 19. Kh1 Bxe4 20. Bxe4 f5 21. Bd3
Bf6 22. Rad1 g6 23. Be2 Bxe5 24. Rxd8 Qxd8 25. fxe5 Qc7 26. Qc3 Qxc3 27. bxc3
Nc7 28. c4 Rd8 29. cxb5 axb5 30. Bd3 Rd5 31. Re1 Rd4 32. Kg1 Ra4 33. Ra1 b4 34.
Bc4 Ra5 35. Rd1 Nd5 36. Kf2 Kf7 37. Kf3 g5 38. Rd3 g4+ 39. Kg3 Ke7 40. Rb3 h6
41. Kh4 Ne3 42. Rxb4 Rxe5 43. Rb7+ Kf6 44. Kg3 f4+ 45. Kxf4 Nxg2+ 46. Kxg4 h5+
47. Kg3 Rg5+ 48. Kf2 Nf4 49. Kf3 Ng6 50. a4 Nh4+ 51. Ke3 Re5+ 52. Kd3 Nf3 53.
Rb5 Ne1+ 54. Kc3 Re4 55. Rxh5 e5 56. Rh6+ Ke7 57. a5 Kd7 58. a6 Kc8 59. a7 Re3+
60. Kb2 1-0